|
|
|
|
| LEADER |
00609 a2200169 4500 |
| 008 |
130711b xxu||||| |||| 00| 0 mal d |
| 020 |
|
|
|a 9788126202201
|
| 082 |
|
|
|a 808.068
|
| 100 |
|
|
|a K N Kutty Kadampazhippuram.
|
| 245 |
|
|
|a Utharendian naadodikkadhakal/
|c K N Kutty Kadampazhippuram.
|
| 260 |
|
|
|a Thiruvananthapuram:
|b Chintha,
|c 2009.
|
| 300 |
|
|
|a 72p.
|c 21cm.
|
| 546 |
|
|
|a In Malayalam.
|
| 650 |
|
|
|a Folkliterature.
|
| 942 |
|
|
|c BK
|
| 999 |
|
|
|c 99740
|d 99740
|
| 952 |
|
|
|0 0
|1 0
|4 0
|6 808_068000000000000_KNK_U_M
|7 0
|9 99167
|a UL
|b UL
|c ST1
|d 2013-01-31
|e 2
|g 28.00
|l 12
|m 7
|o 808.068 KNK/U M
|p 88575
|r 2021-09-06
|s 2021-08-04
|v 40.00
|y BK
|